Técnicas de simulación en computadoras
Збережено в:
| Автор: | |
|---|---|
| Формат: | Книга |
| Мова: | Іспанська |
| Опубліковано: |
Ciudad de México
Limusa
1971
|
| Редагування: | 1a. ed |
| Предмети: | |
| Теги: |
Додати тег
Немає тегів, Будьте першим, хто поставить тег для цього запису!
|
MARC
| LEADER | 00000cam a2200000 a 4500 | ||
|---|---|---|---|
| 001 | UCV4793 | ||
| 003 | CL-VaPUC | ||
| 008 | 930113e19710000MX |||||||||||||||||spa|d | ||
| 082 | 0 | 4 | |a 003.3 |b NAY |2 21 |
| 100 | |a Naylor, Thomas H. |e autor |9 298897 | ||
| 245 | 1 | 0 | |a Técnicas de simulación en computadoras |
| 250 | |a 1a. ed | ||
| 300 | |a 390 p | ||
| 942 | |c BK | ||
| 945 | |d 19930113 00:00:00 | ||
| 260 | |a Ciudad de México |b Limusa |c 1971 | ||
| 650 | 7 | |a SIMULACION POR COMPUTADORES DIGITALES |2 CL-VaPUC |9 259422 | |
| 583 | |a last modification |c 20151021 10:11:46 |k Rodrigo Vera | ||
| 999 | |c 211468 |d 211466 | ||
| 952 | |0 0 |1 0 |4 0 |6 003_300000000000000_NAY_1971 |7 0 |8 A |9 190817 |a BIBING |b BIBING |d 2019-11-14 |i 2584743 |l 1 |o 003.3 NAY 1971 |p 2584743 |r 2024-01-25 |s 2023-04-19 |w 2019-11-14 |y BK |k TRA | ||
| 952 | |0 0 |1 0 |3 erb |4 0 |6 003_300000000000000_NAY_1971 |7 0 |8 A |9 190818 |a BIBGIM |b BIBGIM |i 5207185 |o 003.3 NAY 1971 |p 5207185 |r 2025-01-15 |w 2019-11-14 |y BK |z Catalogado en:20151022 |k EST | ||